00764nam a2200217Ia 4500003000900000008004100009020001800050040001600068080001300084100003300097245011500130250001200245260003200257300001500289650003400304650002500338650003200363942000700395999001700402952012700419IN-BaIIA211028s9999 xx 000 0 eng d a0-07-462210-2 cIIA Library a621bKRI aKrishnamoorthy, C. S.923501 0aFinite element analysisbTheory and ProgrammingcC. S. Krishnamoorthy  a2nd ed. aNewDelhibMcGraw-Hillc1994 axvi, 710p. aIsoparametric Elements928301 aPlate bending928302 aStructural Mechanics927614 cBK c15343d15343 00104070aBANbLEHcGENd2003-08-22eINT g550.00l0o621/KRIp16265r2021-11-05v550.00w2003-08-22yBKGRs. 550.00